Normal view MARC view

Entry Personal Name

Number of records used in: 1

001 - CONTROL NUMBER

  • control field: 56013

003 - CONTROL NUMBER IDENTIFIER

  • control field: dpl

005 - DATE AND TIME OF LATEST TRANSACTION

  • control field: 20230906115749.0

008 - FIXED-LENGTH DATA ELEMENTS

  • fixed length control field: 230906|| aca||aabn | a|a d

040 ## - CATALOGING SOURCE

  • Original cataloging agency: dpl
  • Transcribing agency: dpl

100 ## - HEADING--PERSONAL NAME

  • Personal name: शुक्ल, परशुराम

670 ## - SOURCE DATA FOUND

  • Source citation: Work cat.: (dpl)197889: शुक्ल, परशुराम , साधना के स्वर /, 2021

© Delhi Public Library
Hit Counter
free hit counter